Použitie GaN tranzistorov v 60W DC/DC meniči pre železničné aplikácie

Uložené v:
Podrobná bibliografia
Hlavný autor: Topoľský, Martin (Autor)
Ďalší autori: Halgoš, Ján (Vedúci práce)
Médium: Rukopis Kniha
Jazyk:Slovak
Vydavateľské údaje: Bratislava : STU v Bratislave FEI, 2023
Predmet:
On-line prístup:https://opac.crzp.sk/?fn=detailBiblioFormChildW22MT&sid=72C4190EA10FC8F71DD70AD508EF&seo=CRZP-detail-kniha
Tagy: Pridať tag
Žiadne tagy, Buďte prvý, kto otaguje tento záznam!

MARC

LEADER 00000ntm a22000003a 4500
001 stuzp90549
003 SK-STU
005 20241125132838.0
007 ta
008 150427s2015----xo-----f-mn---000-0-slo-d
040 |a STU  |b slo 
041 0 |a slo 
044 |a xo 
100 1 |a Topoľský, Martin  |u 034000  |4 aut  |U FEI Fakulta elektrotechniky a informatiky  |T FEI Ústav elektrotechniky  |X 98104  |U E040  |Y 550  |7 98104 
242 0 1 |a Use of GaN transistors in 60W DC/DC converter for railway applications  |y eng 
245 1 0 |a Použitie GaN tranzistorov v 60W DC/DC meniči pre železničné aplikácie 
260 |a Bratislava :  |b STU v Bratislave FEI,  |c 2023 
300 |a 86 s. 
650 4 |a zvyšovací DC/DC menič  |2 slo 
650 4 |a GaN  |2 slo 
650 4 |a tranzistor  |2 slo 
650 4 |a boost  |2 eng 
650 4 |a transistor  |2 eng 
650 4 |a step-up DC/DC converter  |2 eng 
650 4 |a GaN  |2 eng 
700 1 |a Halgoš, Ján  |u 034000  |k Z2  |4 ths  |U FEI Fakulta elektrotechniky a informatiky  |T FEI Ústav elektrotechniky  |X 90059  |U E040  |Y 550  |7 90059 
856 4 |u https://opac.crzp.sk/?fn=detailBiblioFormChildW22MT&sid=72C4190EA10FC8F71DD70AD508EF&seo=CRZP-detail-kniha